Morangos com Açúcar T1 - Statistics

Estatísticas Gerais
  • Esse quiz foi jogado 205 vezes
  • A pontuação média é 11 de 15
Estatísticas das Respostas
Hint Resposta % Correto
Quem são os protagonistas? Pipo e Joana
95%
Quem é a diretora do colégio? Constança
86%
Quem é o professor mais odiado do colégio? Sapinho
85%
Quem é o professor de matemática? Nuno
84%
Com quem é que o pai da Joana traí a mãe dela? Carla
80%
De que cidade vieram os irmãos Pipo , Catarina e Susana? Porto
79%
Como se chamam as melhores amigas da protagonista? Carla e Mónica
77%
Que aluna alega ter sido violada pelo professor Nuno? Mónica
77%
Quem é o locutor da rádio? Rafa
77%
Como se chama o bar onde todos se encontram? Bar dos rebeldes
71%
Como se chama o irmão da Joana? Dani
70%
Quem é a professora de educação física? Madalena
68%
De que país vem a Sara? Estados Unidos
65%
Onde casam o Pipo e a Joana? Praia dos rebeldes
42%
Onde é que o Pipo pede a Joana em casamento? Sevilha
15%
Nenhum quiz correspondente encontrado
Distribuição das Pontuações
Porcentagem de Pessoas com Cada Pontuação
Percentil de Números Respondidos
Sua Pontuação Histórica
Você não jogou esse quiz